|
|
|
|
| LEADER |
01668nam a2200337 a 4500 |
| 001 |
2995805 |
| 003 |
BD-DhAAL |
| 008 |
090730s1994 nyua b 000 1 eng d |
| 999 |
|
|
|c 3123
|d 3123
|
| 010 |
|
|
|a 93012217
|
| 020 |
|
|
|a 0393964523
|
| 040 |
|
|
|a DLC
|c DLC
|d DLC
|d BD-DhAAL
|
| 082 |
0 |
0 |
|a 823/.5
|2 20
|
| 100 |
1 |
|
|a Defoe, Daniel,
|d 1661?-1731.
|9 45549
|
| 245 |
1 |
0 |
|a Robinson Crusoe :
|b an authoritative text, contexts, criticism /
|c Daniel Defoe ; edited by Michael Shinagel.
|
| 250 |
|
|
|a Second edition
|
| 260 |
|
|
|a New York :
|b Norton,
|c 1994.
|
| 300 |
|
|
|a viii, 436 pages :
|b illustrations ;
|c 22 cm.
|
| 490 |
0 |
|
|a A Norton critical edition
|
| 504 |
|
|
|a Includes bibliographical references (p. 435-436)
|
| 541 |
1 |
|
|e 00010095
|
| 600 |
1 |
0 |
|a Defoe, Daniel,
|d 1661?-1731.
|t Robinson Crusoe.
|9 45550
|
| 650 |
|
0 |
|a Crusoe, Robinson (Fictitious character)
|x Fiction.
|9 45551
|
| 650 |
|
0 |
|a Survival after airplane accidents, shipwrecks, etc.
|x Fiction.
|9 45552
|
| 700 |
1 |
|
|a Shinagel, Michael.
|9 45553
|
| 830 |
|
|
|a A Norton critical edition
|9 45554
|
| 852 |
4 |
|
|a Ayesha Abed Library
|j General Shelf.
|
| 942 |
|
|
|2 ddc
|c BK
|
| 952 |
|
|
|0 0
|1 0
|2 ddc
|4 0
|6 823_500000000000000_DEF_1994
|7 0
|9 10880
|a BRACUL
|b BRACUL
|c GEN
|d 2010-06-10
|l 8
|m 59
|o 823.5 DEF
|p 3010010095
|r 2024-02-07
|s 2024-02-07
|t 1
|w 2010-06-10
|y BK
|
| 952 |
|
|
|0 0
|1 0
|2 ddc
|4 0
|6 823_500000000000000_DEF
|7 0
|9 10934
|a BRACUL
|b BRACUL
|c GEN
|d 2010-06-14
|g 472.00
|l 8
|m 58
|o 823.5 DEF
|p 3010014149
|r 2026-05-03
|s 2026-04-27
|t 2
|w 2010-06-14
|y BK
|x Price available in register book.
|
| 952 |
|
|
|0 0
|1 0
|2 ddc
|4 0
|6 823_500000000000000_DEF_1994
|7 0
|9 16237
|a BRACUL
|b BRACUL
|c GEN
|d 2011-04-28
|l 10
|m 50
|o 823.5 DEF
|p 3010010094
|r 2024-01-29
|s 2024-01-23
|t 3
|w 2011-04-28
|y BK
|